Právne postavenie a platové pomery starostov obcí
Postavenie a platové pomery starostov obcí a primátorov miest upravuje zákon č. 253/1994 Z.z. o platových pomeroch starostov obcí a primátorov miest v z.n.p.
Guardado en:
| Autor principal: | |
|---|---|
| Formato: | Capítulo de libro |
| Lenguaje: | eslovaco |
| Materias: | |
| Etiquetas: |
Sin Etiquetas, Sea el primero en etiquetar este registro!
|
MARC
| LEADER | 00000naa a2200000 4500 | ||
|---|---|---|---|
| 001 | 0249360 | ||
| 005 | 20241121124144.7 | ||
| 041 | 0 | |a slo | |
| 044 | |a SK | ||
| 245 | 1 | 0 | |a Právne postavenie a platové pomery starostov obcí |c Iveta Matlovičová |
| 520 | |a Postavenie a platové pomery starostov obcí a primátorov miest upravuje zákon č. 253/1994 Z.z. o platových pomeroch starostov obcí a primátorov miest v z.n.p. | ||
| 610 | 2 | 0 | |a úpravy právne |
| 610 | 2 | 0 | |a Slovensko |
| 610 | 2 | 0 | |a obce |
| 610 | 2 | 0 | |a odmeňovanie |
| 610 | 2 | 0 | |a vedenie |
| 610 | 2 | 0 | |a primátori |
| 100 | 1 | |a Matlovičová, Iveta | |